Los fichajes más caros del fútbol por nacionalidad - Estadísticas

Estadísticas generales
  • Esta prueba ha sido intentada 102 veces
  • La puntuación promedio es 41 de 58
Estadísticas de respuestas
Nacionalidad Coste (M €) Temporada Último club Nuevo club Jugador % Correcto
Argentina 121,00 2022-2023 Benfica Chelsea Enzo Fernández
95%
Brasil 222,00 2017-2018 FC Barcellona PSG Neymar
95%
Gales 101,00 2013-2014 Tottenham Real Madrid Gareth Bale
91%
Colombia 75,00 2014-2015 Mónaco Real Madrid James Rodríguez
91%
Francia 180,00 2018-2019 Mónaco PSG Kylian Mbappé
91%
Egipto 42,00 2017-2018 AS Roma Liverpool Mohamed Salah
91%
Argelia 67,80 2018-2019 Leicester City Manchester City Riyad Mahrez
91%
Chile 42,50 2014-2015 FC Barcelona Arsenal Alexis Sánchez
89%
Turquía 34,00 2015-2016 Atlético Madrid FC Barcelona Arda Turan
89%
Noruega 60,00 2022-2023 Borussia Dortmund Manchester City Erling Haaland
89%
Países Bajos 86,00 2019-2020 Ajax FC Barcelona Frenkie de Jong
89%
Portugal 127,20 2019-2020 Benfica Atlètico Madrid João Félix
89%
Croacia 90,00 2023-2024 RB Leipzig Manchester City Josko Gvardiol
89%
Marruecos 68,00 2021-2022 Inter PSG Achraf Hakimi
88%
Polonia 45,00 2022-2023 Bayern Múnich FC Barcelona Robert Lewandowski
88%
Costa Rica 15,00 2019-2020 Real Madrid PSG Keylor Navas
88%
Suecia 70,00 2022-2023 Real Sociedad Newcastle United Alexander Isak
87%
Uruguay 85,00 2022-2023 Benfica Liverpool Darwin Núñez
86%
Inglaterra 117,50 2021-2022 Aston Villa Manchester City Jack Grealish
86%
Alemania 80,00 2020-2021 Bayer Leverkusen Chelsea Kai Havertz
86%
España 80,00 2018-2019 Atheltic Chelsea Kepa Arrizabalaga
86%
Bélgica 120,80 2019-2020 Chelsea Real Madrid Eden Hazard
85%
Estados Unidos 64,00 2018-2019 Borussia Dortmund Chelsea Christian Pulisic
84%
Bosnia y Herzegovina 60,00 2020-2021 Juventus FC Barcellona Miralem Pjanic
84%
Italia 64,00 2023-2024 AC Milan Newcastle United Sandro Tonali
82%
Ecuador 116,00 2023-2024 Brighton Chelsea Moisés Caicedo
81%
Gabón 63,75 2017-2018 Borussia Dortmund Arsenal Pierre-Emerick Aubameyang
80%
Ucrania 70,00 2022-2023 Shakhtar D. Chelsea Mykhaylo Mudryk
79%
Camerún 50,20 2023-2024 Inter Manchester United André Onana
78%
Suiza 45,00 2016-2017 Bor. M'gladbach Arsenal Granit Xhaka
78%
México 45,00 2019-2020 PSV Eindhoven Nápoles Hirving Lozano
78%
Serbia 83,50 2021-2022 Fiorentina Juventus Dušan Vlahović
76%
Ghana 50,00 2020-2021 Atlético Madrid Arsenal Thomas Partey
76%
Hongrie 70,00 2023-2024 RB Leipzig Liverpool Dominik Szoboszlai
75%
Canadá 27,00 2020-2021 KAA Gante LOSC Lille Jonathan David
75%
Corée du Nord 50,00 2023-2024 Nápoles Bayern Múnich Min-jae Kim
75%
Costa de Marfil 80,00 2019-2020 LOSC Lille Arsenal Nicolas Pépé
74%
Nigeria 77,50 2020-2021 LOSC Lille Nápoles Victor Osimhen
74%
Dinamarca 73,90 2023-2024 Atalanta Manchester United Rasmus Højlund
72%
Grecia 36,00 2019-2020 AS Roma Nápoles Konstantinos Manolas
71%
République tchèque 45,00 2001-2002 Lazio Juventus Pavel Nedved
69%
Senegal 42,00 2022-2023 Nápoles Chelsea Kalidou Koulibaly
67%
Bulgaria 38,00 2008-2009 Tottenham Manchester United Dimitar Berbatov
64%
Armenia 42,00 2016-2017 Borussia Dortmund Manchester United Henrikh Mkhitaryan
61%
Rusia 30,00 2018-2019 CSKA Moscú Mónaco Aleksandr Golovin
59%
Eslovenia 24,00 2023-2024 RB Salzburgo RB Leipzig Benjamin Sesko
56%
Rumania 25,00 2023-2024 Génova Tottenham Radu Drăgușin
56%
República Democrática del Congo 40,00 2017-2018 Villarreal CF BJ Guoan Cédric Bakambu
53%
Islandia 49,40 2017-2018 Swansea City Everton Gylfi Sigurdsson
48%
Eslovaquia 34,00 2017-2018 Sampdoria Inter Milan Skriniar
48%
Macedonia del Norte 24,00 2023-2024 Nápoles RB Leipzig Eljif Elmas
45%
Montenegro 26,00 2013-2014 Fiorentina Manchester City Stevan Jovetic
42%
Bielorrusia 17,00 2008-2009 Arsenal FC Barcellona Aleksandr Hleb
34%
Paraguay 24,50 2014-2015 Hellas Verona AS Roma Juan Iturbe
19%
Albania 26,50 2021-2022 Hellas Verona AS Roma Marash Kumbulla
19%
Australia 17,00 2022-2023 Stoke City Leicester City Harry Souttar
16%
Irlanda 26,85 2023-2024 Wolverhampton Brentford Nathan Collins
15%
Austria 25,50 2023-2024 Hoffenheim RB Leipzig Christoph Baumgartner
14%
No se encontraron pruebas coincidentes
Distribución de puntuación
Porcentaje de gente con cada puntuación
Porcentaje por número respondido
Historial de tus puntuaciones
No has intentado esta prueba.